El secreto (Registo nº 76302)

Detalhes MARC
000 -Etiqueta do registo
campo de controlo de comprimento fixo 00484nam 22002053 4500
001 - Identificador do registo
Campo de controlo 76302
005 - Identificador da versão
Campo de controlo 20260415144532.0
010 ## - ISBN
Número (ISBN) 978-84-663-7294-7
100 ## - Dados Gerais de Proc.
Dados gerais de processamento 20260415d2023 m||y0pory50 ba
101 0# - Língua da publicação
Língua do texto, banda sonora, etc. Espanhol
102 ## - País de Publicação
País de publicação Espanha
200 1# - Título
Título próprio El secreto
Primeira menção de responsabilidade Donna Tartt
210 ## - Publicação, Distribuição
Lugar da edição, distribuição, etc. Barcelona
Nome do editor, distribuidor, etc. Debols!llo
Data da publicação, distribuição, etc. 2023
215 ## - Descrição física
Descrição física 769, [2] p.
606 ## - Nome comum
Elemento de entrada Literatura estrangeira
Koha Internal code 2081
606 ## - Nome comum
Elemento de entrada Língua espanhola
Koha Internal code 1940
675 ## - CDU
Notação 85
Língua da edição Espanhol
801 ## - Fonte de origem
País Espanha
090 ## - Números de controlo do sistema (Koha)
Número biblioitem do Koha (gerado automaticamente) 76302
942 ## - Elementos de entrada adicionados (Koha)
Tipo de item no Koha Monografias
Suprimido Disponível no OPAC
Exemplares
Removido (estado) Perdido (estado) Data de aquisição Origem do registo (biblioteca) (codificado) Código da organização que empresta ou é detentora (biblioteca) Código de barras Número de inventário Cota Tipo de circulação (não pode ser emprestado) Tipo de item e material Data da publicação, distribuição, etc.
Disponível Disponível 2026-04-14 Biblioteca da Escola Secundária Dr. Jorge Augusto Correia Biblioteca da Escola Secundária Dr. Jorge Augusto Correia BESJAC12538 12538 85E TAR Normal Monografias 2023